000 00882nam a2200265Ia 4500
003 OSt
005 20220923211614.0
006 a|||||r|||| 00| 0
007 ta
008 220922b |||||||| |||| 00| 0 hin d
024 _a613
037 _cTextual
040 _aARTS
_cARTS
_bhin
041 _2hin
_ahin
082 _aQ2:g(Y), 152M3
100 _aअग्रवाल, गीता रानी
245 0 _aधर्म शास्त्रों का समाज दर्शन
246 _aDharma shāstroan kā samāj darshana
260 _aवाराणसी
_b आदर्श विद्या
_c1983
300 _a344पृ.
_ccm.
650 _a धर्म
650 _aधर्मशास्त्र
942 _hQ2:g(Y), 152M3
_cTEXL
_2CC
999 _c301321
_d301321